000 00961nam a22002417a 4500
003 DO-SdBNP
005 20250219172306.0
008 100304s2008 dr r 001 0 spa d
040 _aDO-SdBNP
_bspa
_cBNPHU
082 _axxx
_bxxxx
110 1 _aRepública Dominicana.
_bSecretaría de Estado de Economía Planificación y Desarrollo
_91941
245 1 0 _aInforme de evaluación plan operativo anual (POA) enero - diciembre 2007
_bSeguro Nacional de Salud (Senasa) /
_cpresentación Altagracia Guzmán Marcelino
246 1 0 _aEvaluación plan operativo anual 2007 /
260 _aSanto Domingo :
_bEdiciones Senasa,
_c2008.
300 _a85 p. :
_c25 cm.
590 _aInventariado, 2022/ YL
650 4 _aPlanificación económica
_96641
650 4 _aPlanificación estratégica
_92433
651 4 _aRepública Dominicana
_xPolítica Económica
_9643
700 1 2 _aGuzmán Marcelino, Altagracia
_epres.
_937654
910 _aYLockward
942 _2ddc
_cLBS1
999 _c51898
_d51898